[Event "Luzern ol (Men)"]
[Site "Luzern"]
[Date "1982.??.??"]
[Round "8"]
[White "Quendro, Llambi"]
[Black "Liang Jinrong"]
[Result "1-0"]
[WhiteElo "2235"]
[BlackElo "2385"]

1.Nf3 c5 2.c4 Nf6 3.g3 b6 4.Bg2 Bb7 5.O-O e6 6.Nc3 Be7 7.d4 cxd4 8.Qxd4 O-O
9.Rd1 d6 10.b3 Nbd7 11.e4 Qb8 12.Ba3 Nc5 13.Ne1 Rd8 14.Qe3 a6 15.h3 Qa7 16.Rd2 Rac8
17.Rad1 Qa8 18.e5 Ne8 19.Bxb7 Qxb7 20.b4 Nd7 21.exd6 Nxd6 22.Rxd6 Bxd6 23.Rxd6 Rxc4
24.Qd2 b5 25.Ne2 Rc6 26.Rd4 Rc7 27.Bb2 f6 28.Rd6 Re8 29.Nf4 Nf8 30.Ned3 Rc6
31.Nc5 Rxd6 32.Qxd6 Qa8 33.Qxa6 Qxa6 34.Nxa6 Ra8 35.Nc7 Rxa2 36.Bc3 Rc2 37.Nxb5 e5
38.Nd5 Ne6 39.Kg2 Nd8 40.Nd6 Rc1 41.b5 Rd1 42.Ne7+ Kf8 43.Nec8 Rb1 44.b6 Nf7
45.Ne4 Ke8 46.Nc5 Kd8 47.b7  1-0

[Event "POL-ch"]
[Site "POL"]
[Date "1982.??.??"]
[Round "?"]
[White "Bugajski, Robert"]
[Black "Stempin, Pawel"]
[Result "0-1"]
[WhiteElo "2315"]
[BlackElo "2350"]

1.c4 Nf6 2.Nf3 b6 3.g3 c5 4.Bg2 Bb7 5.O-O e6 6.Nc3 Be7 7.d4 cxd4 8.Nxd4 d6
9.b3 O-O 10.e4 Nbd7 11.Ndb5 a6 12.Nd4 Qc7 13.Bb2 Rfe8 14.Re1 Bf8 15.h3 Rad8
16.Kh1 g6 17.Qe2 Bg7 18.Rad1 Qb8 19.a4 d5 20.e5 Nxe5 21.Qxe5 Qxe5 22.Rxe5 Ne4
23.Rxe4 dxe4 24.Nde2 f5 25.Kh2 Kf7 26.Bc1 Rxd1 27.Nxd1 Rd8 28.Ne3 a5 29.c5 bxc5
30.Bf1 Ba6 31.Kg2 Rb8 32.Bd2 Rxb3 33.Bxa5 g5 34.Bc7 Rb2 35.Ng1 Bxf1+ 36.Kxf1 Ra2
37.a5 Ke7 38.Nc4 Kd7 39.Bb6 Ra4 40.Nd2 c4 41.Ne2 Kc6 42.Be3 h6 43.a6 Ra1+
44.Kg2 c3 45.Nb3 Rxa6 46.Nc5 Ra2 47.Nc1 Rc2 48.Nxe6 Be5 49.Nb3 Kd5 50.Nd8 f4
51.gxf4 gxf4 52.Bc1 e3 53.Kf1 Rxf2+ 54.Kg1 Rb2  0-1

[Event "Randers zt-A"]
[Site "Randers"]
[Date "1982.??.??"]
[Round "4"]
[White "Tiller, Bjorn"]
[Black "Olafsson, Helgi"]
[Result "1-0"]
[WhiteElo "2320"]
[BlackElo "2430"]

1.c4 c5 2.Nf3 Nf6 3.g3 b6 4.Bg2 Bb7 5.O-O e6 6.Nc3 Be7 7.d4 cxd4 8.Qxd4 d6
9.Rd1 a6 10.b3 Nbd7 11.e4 Qb8 12.Ba3 Nc5 13.e5 dxe5 14.Qxe5 Bxf3 15.Qxb8+ Rxb8
16.Bxf3 O-O 17.Na4 Rfc8 18.Nxc5 Bxc5 19.Bb2 b5 20.Be5 Rb6 21.cxb5 Rxb5 22.Rac1 Rf8
23.Bc7 Ba3 24.Rc6 a5 25.Be2 Rf5 26.g4 Nxg4 27.Bxg4 Rg5 28.f3 h5 29.h4 Rc5
30.Rxc5 Bxc5+ 31.Kg2 hxg4 32.Bxa5 Ra8 33.Rd8+ Rxd8 34.Bxd8 gxf3+ 35.Kxf3 Kf8
36.a4 Ke8 37.Ba5 Be7 38.h5 Bg5 39.Bc3 g6 40.hxg6 fxg6 41.b4 Kd7 42.Ke4 Kc6
43.b5+ Kb6 44.Ke5 Bc1 45.Bd4+ Ka5 46.Kxe6 g5 47.Bc3+ Kxa4 48.b6 Be3 49.b7 Ba7
50.Be5 g4 51.Kd7 Kb5 52.Kc8 Kc4 53.Bh2 Kd3 54.Bg1 Bxg1 55.b8=Q Bf2 56.Qf4 g3
57.Qf3+  1-0

[Event "Randers zt-A"]
[Site "Randers"]
[Date "1982.??.??"]
[Round "5"]
[White "Lobron, Eric"]
[Black "Tiller, Bjorn"]
[Result "1-0"]
[WhiteElo "2440"]
[BlackElo "2320"]

1.Nf3 Nf6 2.g3 b6 3.Bg2 Bb7 4.O-O e6 5.c4 c5 6.b3 Be7 7.Bb2 O-O 8.e3 d6 9.Qe2 Nbd7
10.Nc3 a6 11.d3 Qb8 12.e4 Re8 13.Nh4 Ne5 14.f4 Nc6 15.Rae1 Nd4 16.Qd2 Nd7
17.Qf2 Bf8 18.g4 b5 19.Ne2 Nxe2+ 20.Rxe2 Qc7 21.g5 g6 22.f5 Ne5 23.Qg3 Rad8
24.Ref2 Bg7 25.f6 Bf8 26.Bxe5 dxe5 27.Nxg6 hxg6 28.Rf3 bxc4 29.bxc4 Bh6 30.Qh4  1-0

[Event "DDR-ch 31th"]
[Site "Salzwedel"]
[Date "1982.??.??"]
[Round "13"]
[White "Moehring, Guenther"]
[Black "Brueggemann, Joachim"]
[Result "1-0"]
[WhiteElo "2405"]
[BlackElo "2310"]

1.Nf3 Nf6 2.c4 b6 3.g3 Bb7 4.Bg2 c5 5.O-O e6 6.Nc3 Be7 7.Re1 d5 8.cxd5 Nxd5
9.e4 Nxc3 10.bxc3 O-O 11.d4 Nc6 12.d5 exd5 13.exd5 Na5 14.Ne5 Bf6 15.Bf4 Bxe5
16.Bxe5 Qd7 17.Qh5 f6 18.Bf4 g6 19.Qf3 g5 20.Be3 Rae8 21.Rad1 Nc4 22.Bc1 Ne5
23.Qh5 c4 24.h4 g4 25.Bh6 Rf7 26.Bf4 Nf3+ 27.Bxf3 Rxe1+ 28.Rxe1 gxf3 29.Bh6 Re7
30.Re6 Kh8 31.Qf5 Rxe6 32.dxe6 Qe7 33.Be3 Bc8 34.Bd4 Qxe6 35.Bxf6+ Kg8 36.Qxf3 Bd7
37.Bd4 Bc6 38.Qe3 Qxe3 39.Bxe3 Bf3 40.Kf1 h5 41.Ke1 Kf7 42.Kd2 Ke6 43.Bd4 Kf5
44.Ke3 Kg4 45.a3 Bg2 46.Be5 b5 47.Kd4 Bf1 48.Kc5 a6 49.Kb6 Bg2 50.Kxa6 Bc6
51.Kb6 Be8 52.Kc5 Kf5 53.Bg7 Ke4 54.a4 bxa4 55.Kxc4 Kf3 56.Bd4 Ke4 57.Kb4 Bd7
58.g4 Bxg4 59.Kxa4 Kd5 60.Kb5 Be2+ 61.Kb6 Bd3 62.Kc7 Bc4 63.Kd7 Ke4 64.Kd6 Bb3
65.Kc5 Bg8 66.Kb4 Kd3 67.Bb6 Bf7 68.Bc7 Bg8 69.Bd6  1-0

[Event "Sarajevo"]
[Site "Sarajevo"]
[Date "1982.??.??"]
[Round "?"]
[White "Uhlmann, Wolfgang"]
[Black "Bistric, Faruk"]
[Result "1-0"]
[WhiteElo "2515"]
[BlackElo "2400"]

1.c4 c5 2.Nf3 Nf6 3.g3 b6 4.Bg2 Bb7 5.O-O e6 6.d4 cxd4 7.Qxd4 Be7 8.Nc3 d6
9.b3 O-O 10.Rd1 Nbd7 11.Ba3 Nc5 12.Qe3 a6 13.Nd4 Bxg2 14.Kxg2 Ng4 15.Qd2 Qc7
16.e4 Qb7 17.Qe2 Nf6 18.f3 Rfe8 19.Bb2 Bf8 20.Rd2 d5 21.e5 Nfd7 22.Re1 dxc4
23.Qxc4 b5 24.Qe2 Nb6 25.Nc2 Red8 26.Red1 Rxd2 27.Qxd2 Rc8 28.Ne3 h6 29.Ne2 Be7
30.h4 Ncd7 31.Bd4 Bc5 32.Rc1 Be7 33.Rxc8+ Qxc8 34.Nf4 Bc5 35.Bxc5 Qxc5 36.Ng4 Kf8
37.Qd3 Kg8 38.Qd2 Kh7 39.b4 Qc7 40.Nh5 Nxe5 41.Nhf6+ Kh8 42.Nxe5 gxf6 43.Qxh6+ Kg8
44.Qxf6 Nd5 45.Qg5+ Kh7 46.Kh3 Nxb4 47.h5 Qc2 48.a3 Nd5 49.Nxf7 Ne3 50.Qxe3 Qf5+
51.g4 Qxf7 52.f4 Qb7 53.Kg3 Qc6 54.g5 Qh1 55.h6 a5 56.Qa7+  1-0

[Event "BUL-ch"]
[Site "Sofia"]
[Date "1982.??.??"]
[Round "14"]
[White "Kirov, Nino"]
[Black "Velikov, Petar"]
[Result "1/2-1/2"]
[WhiteElo "2440"]
[BlackElo "2485"]

1.Nf3 Nf6 2.c4 c5 3.g3 b6 4.Bg2 Bb7 5.O-O e6 6.Nc3 Be7 7.d4 cxd4 8.Qxd4 d6
9.b3 Nbd7 10.Bb2 a6 11.e4 Qc7 12.Nd2 O-O 13.h3 Rfe8 14.Rfe1 Bf8 15.Qd3 Rad8
16.Rad1 Qb8 17.Qf1 g6 18.Kh2 Bg7 19.Ba1 Nc5 20.f4 h5 21.b4 Ncd7 22.Kh1 Ba8
23.a3  1/2-1/2

[Event "JUG-ch"]
[Site "Vrbas"]
[Date "1982.??.??"]
[Round "?"]
[White "Vukic, Milan"]
[Black "Gligoric, Svetozar"]
[Result "1/2-1/2"]
[WhiteElo "2465"]
[BlackElo "2535"]

1.Nf3 Nf6 2.c4 c5 3.g3 b6 4.Bg2 Bb7 5.O-O e6 6.Nc3 Be7 7.d4 cxd4 8.Qxd4 O-O
9.e4 d6 10.Qe3 Nbd7 11.Nd4 Qc7 12.b3 a6 13.Bb2 Rfe8 14.Rfe1 Bf8 15.h3 Rad8
16.Rad1 Nc5 17.Qd2 Qb8 18.Re2 Ba8 19.Rde1 Rc8 20.Nc2 Red8 21.Rd1 b5 22.cxb5 axb5
23.b4 Ncd7 24.a3 Ne5 25.Nd4 Nc4 26.Qe1 e5 27.Ndxb5 Bc6 28.a4 Nb6 29.Ra1 Nxa4
30.Rxa4 Bxb5 31.Nxb5 Qxb5 32.Ra5 Qc4 33.Ba3 Ra8 34.Re3 h5 35.b5 Qd4 36.Ra6 Rab8
37.Bf1 d5 38.Bxf8 Kxf8 39.exd5 e4 40.Qb1 Rxd5 41.Qa2 Rd7  1/2-1/2

[Event "Hoogovens-B"]
[Site "Wijk aan Zee"]
[Date "1982.??.??"]
[Round "6"]
[White "Vogel, Jaap"]
[Black "Kindermann, Stefan"]
[Result "1/2-1/2"]
[WhiteElo "2335"]
[BlackElo "2410"]

1.Nf3 Nf6 2.g3 b6 3.Bg2 Bb7 4.c4 c5 5.O-O e6 6.Nc3 Be7 7.b3 O-O 8.Bb2 d6
9.Re1 Nbd7 10.e3 a6 11.d4 Re8 12.a4 Rb8 13.Rc1 Ne4 14.Nd2 Nxc3 15.Bxc3 Bxg2
16.Kxg2 b5 17.axb5 axb5 18.Qf3 bxc4 19.bxc4 Qc7 20.Rb1 h6 21.Rxb8 Rxb8 22.Ra1 cxd4
23.Bxd4 Qb7 24.Ra7 Qxf3+ 25.Nxf3 Rd8 26.Bc3 d5 27.Ba5 Bc5 28.Rb7 Ra8 29.Rxd7 Rxa5
30.cxd5 exd5 31.Rxd5 Bb6 32.Rxa5 Bxa5 33.Nd4 Kh7 34.Kf3 Kg6 35.Nc6 Be1 36.g4 h5
37.Ne5+ Kf6 38.Nd3 hxg4+ 39.Kxg4 Bc3 40.f4 g6 41.e4 Bd4 42.Ne1 Bc3 43.Nd3 Bd4
44.h3 Bc3 45.Nc5 Bd4 46.Nd3 Bc3 47.h4 Bd4 48.Ne1 Bc3 49.Nf3 Bb2 50.Ng5 Bc3
51.Nf3 Bb2 52.Ne1 Bc3 53.Nd3 Bd4 54.Nb4 Bb2 55.Nd5+ Kg7 56.h5 gxh5+ 57.Kxh5 Bc1
58.Kg5 Bb2 59.Ne3 Bf6+ 60.Kf5 Bd4 61.Nd5 Bb2 62.e5 Bc1 63.Nf6 Bd2  1/2-1/2

[Event "Yerevan"]
[Site "Yerevan"]
[Date "1982.??.??"]
[Round "3"]
[White "Robatsch, Karl"]
[Black "Vladimirov, Evgeny"]
[Result "1/2-1/2"]
[WhiteElo "2415"]
[BlackElo "2495"]

1.Nf3 Nf6 2.c4 b6 3.g3 c5 4.Bg2 Bb7 5.O-O e6 6.Nc3 Be7 7.d4 cxd4 8.Qxd4 d6
9.Rd1 a6 10.Ng5 Bxg2 11.Kxg2 O-O 12.Nce4 Ra7 13.Nxf6+ Bxf6 14.Qg4 Be7 15.Nf3 Rd7
16.Be3 Bf6 17.Rd2 Qc7 18.Rad1 Rc8 19.b3 b5 20.Bf4 Be7 21.cxb5 axb5 22.Qh5 Qb6
23.Ng5 Bxg5 24.Qxg5 f6 25.Qg4 d5 26.Be3 Qa6 27.f3 Rdc7 28.Bf4 Rd7 29.Bxb8 Rxb8
30.Rc1 f5 31.Qd4 b4 32.Rdc2 h6 33.Kf2 Qa7 34.Ke3 e5 35.Qxa7 Rxa7 36.f4 exf4+
37.Kxf4 Re8 38.Rc8 Rxc8 39.Rxc8+ Kf7 40.Kxf5 Rxa2  1/2-1/2

[Event "Yerevan"]
[Site "Yerevan"]
[Date "1982.??.??"]
[Round "6"]
[White "Espig, Lutz"]
[Black "Grigorian, Karen Ashotovich"]
[Result "0-1"]
[WhiteElo "2470"]
[BlackElo "2415"]

1.Nf3 Nf6 2.g3 b6 3.Bg2 Bb7 4.O-O e6 5.c4 c5 6.Nc3 d6 7.d4 cxd4 8.Qxd4 Be7
9.Rd1 a6 10.e4 Nbd7 11.Qe3 Qc7 12.b3 O-O 13.Bb2 Rac8 14.Nd4 Rfe8 15.Rac1 Qb8
16.h3 Bf8 17.Qd2 Nc5 18.Re1 Qa8 19.f3 g6 20.Rcd1 Red8 21.Qf2 Bg7 22.Nc2 b5
23.Ne3 Nfd7 24.b4 Bxc3 25.Bxc3 Na4 26.Ba1 bxc4 27.Rxd6 c3 28.Kh2 Ne5 29.Rxd8+ Rxd8
30.Rd1 Rd3 31.Rxd3 Nxd3 32.Qc2 Ndb2 33.Nd1 Qc8 34.Bf1 Nxd1 35.Qxd1 Bc6 36.Bd3 Nb2
37.Qe2 Qd7 38.Bxa6 Qd4 39.b5 Bd7 40.Kg2 e5 41.a4 Nxa4 42.g4 Be6 43.b6 Qxb6
44.Bb5 Nb2 45.Bxb2 cxb2 46.Qxb2 Bc4 47.Qxe5 Qxb5 48.Qf6 g5 49.h4 gxh4 50.Kh3 h5
51.Kxh4 hxg4 52.Kxg4 Be6+ 53.Kh4 Qb6 54.Kg5 Qe3+ 55.Kh5 Kh7 56.e5 Qc1  0-1

[Event "Aarhus"]
[Site "Aarhus"]
[Date "1983.??.??"]
[Round "1"]
[White "Helmers, Knut J"]
[Black "Pedersen, Erik"]
[Result "1/2-1/2"]
[WhiteElo "2465"]
[BlackElo "2340"]

1.Nf3 Nf6 2.c4 e6 3.g3 b6 4.Bg2 Bb7 5.O-O c5 6.Nc3 Be7 7.Re1 O-O 8.e4 d5
9.cxd5 exd5 10.e5 Ne4 11.d3 Nxc3 12.bxc3 Nc6 13.h4 b5 14.Ng5 h6 15.Nh3 d4
16.Bxh6 gxh6 17.Qg4+ Kh8 18.Qh5 Kg7 19.Qg4+ Kh8  1/2-1/2

[Event "Albena"]
[Site "Albena"]
[Date "1983.??.??"]
[Round "?"]
[White "Velikov, Petar"]
[Black "Gipslis, Aivars"]
[Result "1/2-1/2"]
[WhiteElo "2460"]
[BlackElo "2475"]

1.Nf3 Nf6 2.c4 c5 3.g3 b6 4.Bg2 Bb7 5.O-O e6 6.Nc3 Be7 7.d4 cxd4 8.Qxd4 Nc6
9.Qf4 O-O 10.Rd1 Qb8 11.b3 Rd8 12.Bb2 d6 13.Ng5 h6 14.Nge4 Ne8 15.g4 Ne5
16.Qg3 Ng6 17.e3 a6 18.a4 Bh4 19.Qf3 Ra7 20.Qe2 Ba8 21.Rd4 d5 22.cxd5 exd5
23.Ng3 Bf6 24.Rdd1 d4 25.Nce4 Be5 26.exd4 Nf4 27.Qf3 Nxg2 28.dxe5 Nh4 29.Qe2 Rad7
30.Rxd7 Rxd7 31.Rd1 Qc8 32.Rxd7 Qxd7 33.f3 Nc7 34.Kf2 Ne6 35.Qd2 Qb7 36.Qe3 Qc7
37.Qc3 Qd8 38.Qd2 Qc7 39.Qc3  1/2-1/2

[Event "Baden-ch"]
[Site "Buehl"]
[Date "1983.??.??"]
[Round "?"]
[White "Raupp, Thomas"]
[Black "Kiefer, Gerhard"]
[Result "1/2-1/2"]
[WhiteElo "2275"]
[BlackElo "2220"]

1.Nf3 Nf6 2.c4 c5 3.g3 b6 4.Bg2 Bb7 5.O-O e6 6.b3 Be7 7.Nc3 O-O 8.d4 cxd4
9.Qxd4 d6 10.Rd1 Nbd7 11.Bb2 a6 12.Rac1 Qc7 13.e4 Rfe8 14.Ne1 Rac8 15.Nc2 Bf8
16.Ne3 Qb8 17.Qd2 Nc5 18.f3 Rcd8 19.Qc2 Ba8 20.b4 Ncd7 21.a3 Rc8 22.Qe2 Qa7
23.Kh1 Rc7 24.Rd2 Rec8 25.Rdc2 g6 26.Ncd1 Bh6 27.Nf2 d5 28.e5 Ne8 29.Nfg4 Bxe3
30.Nxe3 dxc4 31.Nxc4 b5 32.Nd6 Rxc2 33.Rxc2 Rxc2 34.Qxc2 Qc7 35.Qxc7 Nxc7
36.Bd4 Kf8 37.Kg1 Ke7 38.Nc8+ Kd8 39.Nd6 Ke7 40.Nc8+ Kd8  1/2-1/2

[Event "Frunze"]
[Site "Frunze"]
[Date "1983.??.??"]
[Round "?"]
[White "Csom, Istvan"]
[Black "Mokry, Karel"]
[Result "1-0"]
[WhiteElo "2505"]
[BlackElo "2435"]

1.Nf3 c5 2.c4 Nf6 3.g3 b6 4.Bg2 Bb7 5.O-O e6 6.b3 Be7 7.Bb2 O-O 8.e3 d6 9.Qe2 Nbd7
10.Nc3 a6 11.e4 Qc7 12.Ne1 Ne5 13.Nc2 Nc6 14.Nd1 Nd7 15.Nde3 Bf6 16.Bxf6 Nxf6
17.f4 b5 18.d3 Nd4 19.Nxd4 cxd4 20.e5 Bxg2 21.Nxg2 Nd7 22.exd6 Qxd6 23.Ne1 e5
24.fxe5 Nxe5 25.Rf4 Rfe8 26.Qf1 bxc4 27.bxc4 Rab8 28.Qf2 Qa3 29.Rd1 Rb2 30.Rd2 Rb1
31.Re4 f6 32.Kg2 Rd8 33.Nf3 Nxf3 34.Qxf3 Rb2 35.Rxb2 Qxb2+ 36.Re2 Qa3 37.Qe4 h6
38.Qe6+ Kh7 39.Qf5+ Kg8 40.Kf2 Qd6 41.Qe6+ Kf8 42.Qxd6+ Rxd6 43.g4 Kf7 44.Kf3 Rd8
45.h4 g5 46.hxg5 hxg5 47.c5 Kg6 48.c6 Rc8 49.Rc2 f5 50.gxf5+ Kxf5 51.c7 Ke6
52.Kg4 Kd7 53.Rc4 Rxc7 54.Rxc7+ Kxc7 55.Kxg5 Kc6 56.Kf5 Kd5 57.a3 a5 58.Kf4 Kc5
59.Ke5 Kb5 60.Kxd4 Ka4 61.Kc3  1-0

[Event "Hannover"]
[Site "Hannover"]
[Date "1983.??.??"]
[Round "15"]
[White "Pfleger, Helmut"]
[Black "Glienke, Manfred"]
[Result "1-0"]
[WhiteElo "2505"]
[BlackElo "2335"]

1.c4 Nf6 2.Nf3 c5 3.g3 b6 4.Bg2 Bb7 5.O-O e6 6.Nc3 Be7 7.d4 cxd4 8.Qxd4 O-O
9.Rd1 d6 10.Bg5 Nbd7 11.Nb5 d5 12.cxd5 exd5 13.Qf4 Nc5 14.Nfd4 a6 15.Bxf6 Bxf6
16.Nd6 Qd7 17.Nxb7 Qxb7 18.Nf5 Rad8 19.Ne3 Qb8 20.Qxb8 Rxb8 21.Nxd5 Bxb2
22.Rab1 Na4 23.Rd3 b5 24.Rbd1 g6 25.e3 Bg7 26.Ne7+ Kh8 27.Nc6 Nb2 28.Nxb8 Nxd1
29.Nxa6 Nc3 30.a3 Bf6 31.Nc5 Rd8 32.Nd7 Kg7 33.Bc6 Ne2+ 34.Kg2 Nc1 35.Rd5 Bb2
36.Rxb5 Bxa3 37.Rb7 Bd6 38.Bd5 Nd3 39.Nb6 Rf8 40.Nc4 Bb8 41.f4 Nc5 42.Rb5 Na6
43.e4 h5 44.Kf3 f6 45.h4 Kh6 46.Rb6 Nc5 47.Ne3 Kg7 48.Rc6 Nd3 49.Bc4 Rd8
50.Nd5 Ne1+ 51.Ke2 Nc2 52.Rb6 g5 53.Nxf6 Nd4+ 54.Kf2  1-0

[Event "URS-ch U26"]
[Site "Jurmala"]
[Date "1983.??.??"]
[Round "?"]
[White "Majorovas, Vitalijus"]
[Black "Andrianov, Nikolai"]
[Result "1/2-1/2"]
[WhiteElo "2420"]
[BlackElo "2400"]

1.c4 Nf6 2.Nf3 b6 3.g3 c5 4.Bg2 Bb7 5.O-O e6 6.Nc3 Be7 7.d4 cxd4 8.Qxd4 d6
9.Rd1 a6 10.b3 Nbd7 11.e4 Qb8 12.Ba3 Nc5 13.e5 Bxf3 14.Bxf3 dxe5 15.Bc6+ Kf8
16.Qe3 Ra7 17.b4 Ncd7 18.c5 g6 19.Na4 bxc5 20.Qh6+ Kg8 21.bxc5 Qf8 22.Qe3 Kg7
23.Bxd7 Rxd7 24.Qxe5 Qb8 25.Qc3 Rxd1+ 26.Rxd1 Rd8 27.Rxd8 Qb1+ 28.Qc1 Qxc1+
29.Bxc1 Bxd8 30.Bb2 Kf8 31.Bxf6 Bxf6 32.c6 Bd8 33.Nc5 Ke7 34.Nxa6 Bb6 35.Kf1 e5
36.Ke2 Kd6 37.c7 Kd7 38.f3 f5 39.Kd3 h5 40.Kc4 e4 41.fxe4 fxe4 42.h3 Bf2
43.g4 hxg4 44.hxg4 g5 45.a4 Kc8 46.a5 e3 47.Kd3 Be1 48.Kxe3 Bxa5 49.Ke4 Bd2
50.Kf5 Kd7 51.Kf6 Bc1 52.Ke5 Bf4+ 53.Kd5 Bd2  1/2-1/2

[Event "Jurmala"]
[Site "Jurmala"]
[Date "1983.??.??"]
[Round "12"]
[White "Pytel, Krzysztof"]
[Black "Vitolinsh, Alvis"]
[Result "1-0"]
[WhiteElo "2035"]
[BlackElo "2365"]

1.Nf3 e6 2.c4 Nf6 3.g3 b6 4.Bg2 Bb7 5.O-O c5 6.Nc3 Be7 7.b3 O-O 8.d4 cxd4
9.Qxd4 Nc6 10.Qf4 d6 11.Rd1 Qb8 12.Bb2 Ne5 13.Nd4 Bxg2 14.Kxg2 Qb7+ 15.Kg1 a6
16.a4 h6 17.Ba3 Rad8 18.h3 Kh7 19.Qe3 g5 20.Nf3 Ng6 21.Nd2 Rd7 22.Qf3 Qc7
23.Rac1 Ne8 24.Qa8 f5 25.Qxa6 h5 26.Qa8 Ng7 27.Qg2 g4 28.Nb5 Qd8 29.hxg4 hxg4
30.f4 gxf3 31.Nxf3 e5 32.Rd5 e4 33.Nfd4 Ne5 34.Rf1 Bg5 35.Nc2 Ng4 36.Bb2 Ne3
37.Qh3+ Kg6 38.Bxg7 Nxf1 39.Bxf8 Ne3 40.Nxe3 Bxe3+ 41.Kg2 Qxf8 42.g4  1-0

[Event "Nis"]
[Site "Nis"]
[Date "1983.??.??"]
[Round "5"]
[White "Keca, Dragomir"]
[Black "Ilic, Zoran"]
[Result "0-1"]
[WhiteElo "2200"]
[BlackElo "2430"]

1.Nf3 c5 2.g3 b6 3.Bg2 Bb7 4.O-O Nf6 5.c4 e6 6.Nc3 Be7 7.b3 O-O 8.Bb2 a6
9.e3 d6 10.d4 Nbd7 11.d5 exd5 12.Nh4 g6 13.Nxd5 Rb8 14.Nxe7+ Qxe7 15.Qc2 b5
16.Rfd1 Ne5 17.e4 bxc4 18.bxc4 Bxe4 19.Bxe4 Nxe4 20.Qxe4 Rxb2 21.f4 Qf6 22.Rf1 Nd7
23.Rab1 Rfb8 24.Rxb2 Rxb2 25.Rf2 Rxf2 26.Kxf2 Qb2+ 27.Qe2 Qd4+ 28.Kg2 Nb6
29.Qe7 Qb2+ 30.Kh3 Qb1 31.g4 Qd3+ 32.Kg2 Qc2+ 33.Kg3 Qc3+ 34.Kg2 Qb2+ 35.Kg3 h6
36.Nxg6 fxg6 37.Qd8+ Kf7  0-1

[Event "EU-chT Plovdiv"]
[Site "Plovdiv"]
[Date "1983.??.??"]
[Round "4"]
[White "Csom, Istvan"]
[Black "Ermenkov, Evgenij"]
[Result "1/2-1/2"]
[WhiteElo "2505"]
[BlackElo "2455"]

1.c4 Nf6 2.Nf3 c5 3.g3 b6 4.Bg2 Bb7 5.O-O e6 6.Nc3 Be7 7.d4 cxd4 8.Qxd4 d6
9.Rd1 a6 10.Ng5 Bxg2 11.Kxg2 O-O 12.Nce4 Ra7 13.Qd3 Nxe4 14.Nxe4 Rd7 15.Bf4 Qc8
16.Rac1 Rfd8 17.Qf3 Qb7 18.Rd2 Nc6 19.h4 h6 20.Kg1 Na5 21.b4 Nxc4 22.Rxc4 d5
23.Rcd4 dxe4 24.Rxd7 Rxd7 25.Rxd7 Qxd7 26.Qxe4  1/2-1/2

[Event "Poznan"]
[Site "Poznan"]
[Date "1983.??.??"]
[Round "4"]
[White "Paehtz, Thomas Sr"]
[Black "Stempin, Pawel"]
[Result "1/2-1/2"]
[WhiteElo "2370"]
[BlackElo "2380"]

1.c4 c5 2.Nf3 Nf6 3.g3 b6 4.Bg2 Bb7 5.O-O e6 6.Nc3 Be7 7.Re1 d5 8.cxd5 exd5
9.d4 O-O 10.Bf4 Na6 11.a3 Re8 12.Rc1 Ne4 13.h4 Bf6 14.Be5 h6 15.e3 Qe7 16.Qb3 Red8
17.Bxf6 Qxf6 18.Red1  1/2-1/2

[Event "Kamen Piskov mem 3"]
[Site "Ruse"]
[Date "1983.??.??"]
[Round "13"]
[White "Lalev, Dimitar"]
[Black "Kirov, Nino"]
[Result "1/2-1/2"]
[WhiteElo "2385"]
[BlackElo "2425"]

1.Nf3 c5 2.g3 b6 3.Bg2 Bb7 4.O-O Nf6 5.c4 e6 6.Nc3 Be7 7.b3 O-O 8.d4 cxd4
9.Nxd4 Bxg2 10.Kxg2 Nc6 11.Nxc6 dxc6 12.Bb2 Qxd1 13.Raxd1 Rad8 14.Rxd8 Rxd8
15.Rd1 Rxd1 16.Nxd1  1/2-1/2

[Event "Tuzla"]
[Site "Tuzla"]
[Date "1983.??.??"]
[Round "3"]
[White "Vukic, Milan"]
[Black "Sunye Neto, Jaime"]
[Result "1-0"]
[WhiteElo "2470"]
[BlackElo "2490"]

1.Nf3 Nf6 2.c4 e6 3.g3 b6 4.Bg2 Bb7 5.O-O c5 6.Nc3 a6 7.b3 Be7 8.Bb2 O-O
9.e3 d6 10.d4 Qc7 11.Qe2 Ne4 12.Rfd1 Nd7 13.Rac1 Rad8 14.Ne1 Nxc3 15.Bxc3 Bxg2
16.Nxg2 Nf6 17.d5 e5 18.f3 Nd7 19.e4 Rde8 20.Qd3 g6 21.f4 exf4 22.gxf4 Bf6
23.Bxf6 Nxf6 24.Re1 Nd7 25.Re3 Re7 26.Rce1 Rfe8 27.e5 Nf8 28.Nh4 Qd7 29.h3 b5
30.Kg2 bxc4 31.bxc4 Rb8 32.R1e2 Qa4 33.e6 fxe6 34.dxe6 Qc6+ 35.Kh2 d5 36.cxd5 Qd6
37.Re5 Rb4 38.Qg3  1-0

[Event "Vrnjacka Banja"]
[Site "Vrnjacka Banja"]
[Date "1983.??.??"]
[Round "14"]
[White "Krnic, Zdenko"]
[Black "Martinovic, Slobodan"]
[Result "1/2-1/2"]
[WhiteElo "2430"]
[BlackElo "2445"]

1.Nf3 c5 2.c4 Nf6 3.g3 b6 4.Bg2 Bb7 5.O-O e6 6.Nc3 a6 7.d4 cxd4 8.Qxd4 d6
9.Be3 Nbd7 10.Ng5 Bxg2 11.Kxg2 Qc7 12.Nge4 Qc6 13.f3  1/2-1/2

[Event "Aarhus-A"]
[Site "Aarhus"]
[Date "1984.??.??"]
[Round "9"]
[White "Knudsen, Per"]
[Black "Sorensen, Torben"]
[Result "1/2-1/2"]
[WhiteElo "2295"]
[BlackElo "2200"]

1.Nf3 c5 2.c4 Nf6 3.g3 b6 4.Bg2 Bb7 5.O-O e6 6.b3 a6 7.Nc3 d6 8.Bb2 Nbd7
9.e3 Qc7 10.Qe2 Rc8 11.d3 Be7  1/2-1/2

[Event "FRG-ch"]
[Site "Bad Neuenahr"]
[Date "1984.??.??"]
[Round "?"]
[White "Raupp, Thomas"]
[Black "Wiemer, Ralf"]
[Result "1/2-1/2"]
[WhiteElo "2275"]
[BlackElo "2285"]

1.Nf3 e6 2.c4 b6 3.g3 Bb7 4.Bg2 c5 5.O-O Nf6 6.Nc3 Be7 7.d4 cxd4 8.Qxd4 d6
9.Rd1 a6 10.Ng5 Bxg2 11.Kxg2 Nc6 12.Qf4 O-O 13.b3 Qc7 14.a4 Rfd8 15.Ba3 h6
16.Nf3 Rac8 17.e4 Ne5 18.Qe3 Nfg4  1/2-1/2

[Event "URS-ch sf"]
[Site "Barnaul"]
[Date "1984.??.??"]
[Round "?"]
[White "Nenashev, Alexander"]
[Black "Vaisser, Anatoli"]
[Result "1-0"]
[WhiteElo "2200"]
[BlackElo "2475"]

1.Nf3 Nf6 2.c4 c5 3.g3 b6 4.Bg2 Bb7 5.O-O e6 6.Nc3 Be7 7.Re1 d5 8.cxd5 exd5
9.d4 O-O 10.b3 Nbd7 11.Bb2 Re8 12.Rc1 Ne4 13.e3 Ndf6 14.Rc2 Ba6 15.Ne5 Rc8
16.Ne2 Bd6 17.Nf4 cxd4 18.Nc6 Rxc6 19.Rxc6 dxe3 20.Rxe3 Bb7 21.Rc2 Bc5 22.Bd4 h6
23.f3 Nd6 24.Rxe8+ Qxe8 25.Bxc5 bxc5 26.Qe2 Qc6 27.Qf2 c4 28.Qxa7 Nb5 29.Qf2 c3
30.Ne2 Qd6 31.Nxc3 Na3 32.Rd2 Qe5 33.Qd4 Qe1+ 34.Bf1 h5 35.Re2 Qa1 36.Nb5 Qc1
37.Qe3 Qxe3+ 38.Rxe3 d4 39.Nxd4  1-0

[Event "Beersheba"]
[Site "Beersheba"]
[Date "1984.??.??"]
[Round "3"]
[White "Stepak, Yedael"]
[Black "Greenfeld, Alon"]
[Result "0-1"]
[WhiteElo "2355"]
[BlackElo "2470"]

1.Nf3 Nf6 2.g3 b6 3.Bg2 Bb7 4.O-O c5 5.c4 e6 6.Nc3 Be7 7.d4 cxd4 8.Qxd4 d6
9.b3 Nbd7 10.Bb2 O-O 11.Rfd1 a6 12.Ne1 Qc7 13.Rac1 Rfe8 14.Ba3 Nc5 15.b4 Ncd7
16.Bb2 Bxg2 17.Nxg2 Qb7 18.Ne3 Rac8 19.a3 Rc7 20.f3 Bf8 21.Rf1 Rec8 22.g4 Ne5
23.Nb1 Ng6 24.g5 Nh5 25.Qg4 Ngf4 26.Kf2 Be7 27.h4 Rf8 28.Ng2 f5 29.gxf6 Bxf6
30.Nxf4 Nxf4 31.Bxf6 Rxf6 32.h5 b5 33.c5 dxc5 34.Rfd1 Qc8 35.e3 Nd5 36.Nc3 Nxc3
37.Rxc3 cxb4 38.Rcd3 Rf8 39.Qxb4 Rcf7 40.f4 e5 41.Qc3 Qe6 42.Rd6 Qe7 43.h6 exf4
44.Rg1 Qh4+  0-1

[Event "Berlin op"]
[Site "Berlin-West"]
[Date "1984.??.??"]
[Round "7"]
[White "Smejkal, Jan"]
[Black "Sharif, Mershad"]
[Result "0-1"]
[WhiteElo "2540"]
[BlackElo "2410"]

1.c4 e6 2.Nf3 c5 3.g3 b6 4.Bg2 Bb7 5.O-O Nf6 6.Nc3 Be7 7.b3 d5 8.e3 O-O 9.Bb2 dxc4
10.bxc4 Nc6 11.d3 Qc7 12.Qe2 Rfd8 13.Rfd1 a6 14.Rab1 Rab8 15.Ba1 Na7 16.a4 Nc6
17.Ne1 Nb4 18.Bh3 Ne8 19.f4 Bf6 20.g4 g6 21.Bg2 Bxg2 22.Qxg2 Qe7 23.g5 Bg7
24.Ne4 Bxa1 25.Rxa1 e5 26.Qg3 exf4 27.Qxf4 Rb7 28.Rd2 Rbd7 29.Rad1 Kg7 30.d4 f5
31.Ng3 cxd4 32.exd4 Nc6 33.Nf3 Qd6 34.Qh4 Re7 35.d5 Ne5 36.Nd4 Qc5 37.Rf2 Kg8
38.Qf4 Rdd7 39.Ngxf5 gxf5 40.Qxf5 Ng6 41.Ne6 Qxf2+ 42.Qxf2 Rxe6  0-1

[Event "Hamburg op"]
[Site "Hamburg"]
[Date "1984.??.??"]
[Round "9"]
[White "Szekely, Peter"]
[Black "Grooten, Herman"]
[Result "1-0"]
[WhiteElo "2440"]
[BlackElo "2310"]

1.Nf3 Nf6 2.c4 c5 3.g3 b6 4.Bg2 Bb7 5.O-O e6 6.Nc3 d6 7.d4 cxd4 8.Qxd4 a6
9.Bg5 Nbd7 10.Rfd1 h6 11.Bxf6 Qxf6 12.Qe3 Qd8 13.Nd5 Rc8 14.Rac1 Be7 15.Nxe7 Kxe7
16.Rd4 Bxf3 17.Bxf3 Ne5 18.Bb7 Rc5 19.Bxa6 Qa8 20.b4 Rc7 21.Bb5 Qxa2 22.Rxd6 Kxd6
23.Qxb6+ Ke7 24.Qxc7+ Kf6 25.Kf1 Qb2 26.Rd1 Qxb4 27.Qa7 Qb2 28.f4 Ng4 29.h3 Rd8
30.Re1 Nh2+ 31.Kg2 Rd1 32.Rxd1 Qxe2+ 33.Qf2 Qxd1 34.Kxh2 h5 35.h4  1-0

[Event "New York op"]
[Site "New York"]
[Date "1984.??.??"]
[Round "5"]
[White "Burger, Karl"]
[Black "Gheorghiu, Florin"]
[Result "1/2-1/2"]
[WhiteElo "2305"]
[BlackElo "2495"]

1.Nf3 c5 2.c4 Nf6 3.g3 b6 4.Bg2 Bb7 5.O-O e6 6.Nc3 d6 7.d4 cxd4 8.Qxd4 a6
9.b3 Nbd7 10.Rd1 Be7 11.e4 Qb8 12.Ba3 Nc5 13.e5 dxe5 14.Qxe5 Ncd7 15.Qxb8+ Rxb8
16.Bxe7 Kxe7 17.Nd4 Rhc8 18.Rac1 g5 19.Re1 Kf8 20.Na4 Nc5 21.Nxc5 bxc5 22.Ne2 Rd8
23.Red1 Ne4 24.f3 Nd2 25.Kf2 Rd3 26.Nc3 Rbd8 27.Ke2 g4 28.Nd5 Rd4 29.Rxd2 Rxd2+
30.Kxd2 exd5 31.cxd5 Rxd5+ 32.Ke3 Re5+ 33.Kf2 Rh5 34.Rc4 gxf3 35.Bxf3 Bxf3
36.Kxf3 Rxh2 37.Ra4 Rh6 38.Rc4 Rc6 39.Ke4 Ke7 40.Kd5 Rg6 41.Re4+ Kd7 42.Rf4 Rg5+
43.Kc4 Ke6 44.Re4+ Kd6 45.g4 h5 46.gxh5 Rxh5 47.Rg4 Re5 48.Rg8 Re4+ 49.Kd3 Re6
50.Kc4 Re2 51.Kd3 Re6 52.Kc4 Re2 53.a4 Re4+ 54.Kc3 Re6 55.Kc4 Re4+ 56.Kc3 Kc6
57.Rc8+ Kb6 58.Rb8+ Kc7 59.Ra8 Kb7 60.Rd8 Rf4 61.Re8 Kc7 62.Ra8 Kb6 63.Rb8+ Kc6
64.Ra8 Kb7 65.Rd8 a5 66.Rd6  1/2-1/2

[Event "Pernik"]
[Site "Pernik"]
[Date "1984.??.??"]
[Round "14"]
[White "Kirov, Nino"]
[Black "Antonov, Vladimir"]
[Result "1/2-1/2"]
[WhiteElo "2455"]
[BlackElo "2360"]

1.Nf3 Nf6 2.g3 b6 3.Bg2 Bb7 4.O-O c5 5.c4 e6 6.Nc3 Be7 7.d4 cxd4 8.Qxd4 d6
9.b3 O-O 10.Rd1 Na6 11.Bg5 h6 12.Bxf6 Bxf6 13.Qe3 Nc5 14.Nd4 Bxg2 15.Kxg2 a6
16.Ne4 Nxe4 17.Qxe4 Qc7 18.Rac1 Rac8 19.Rc2  1/2-1/2